Tribhuvan University Central Library

Fundamentals of photochemistry (Record no. 32906)

MARC details
000 -LEADER
fixed length control field 005570000a22002290004500
082 ## - DEWEY DECIMAL CLASSIFICATION NUMBER
Classification number 541.35
Item number M896f
020 ## - INTERNATIONAL STANDARD BOOK NUMBER
International Standard Book Number 0-85226-784-3
041 ## - LANGUAGE CODE
Language code of text/sound track or separate title Eng
100 ## - MAIN ENTRY--PERSONAL NAME
Personal name Mukherjee, K. K. Rohitgi
245 ## - TITLE STATEMENT
Title Fundamentals of photochemistry
250 ## - EDITION STATEMENT
Edition statement Rev. edn.
260 ## - PUBLICATION, DISTRIBUTION, ETC. (IMPRINT)
Place of publication, distribution, etc New Delhi
Name of publisher, distributor, etc New Age International Pub., India
260 ## - PUBLICATION, DISTRIBUTION, ETC. (IMPRINT)
Date of publication, distribution, etc 1986
300 ## - PHYSICAL DESCRIPTION
Extent xiv,371p.
500 ## - GENERAL NOTE
General note Bibliography: p.354-362
518 ## - DATE/TIME AND PLACE OF AN EVENT NOTE
Date/time and place of an event note 20050105
530 ## - ADDITIONAL PHYSICAL FORM AVAILABLE NOTE
Additional physical form available note M
650 ## - SUBJECT ADDED ENTRY--TOPICAL TERM
Topical term or geographic name as entry element Physical chemistry
650 ## - SUBJECT ADDED ENTRY--TOPICAL TERM
Topical term or geographic name as entry element Photochemical reactions
650 ## - SUBJECT ADDED ENTRY--TOPICAL TERM
Topical term or geographic name as entry element Tools
942 ## - ADDED ENTRY ELEMENTS (KOHA)
Koha item type General Collections
Holdings
Withdrawn status Lost status Damaged status Not for loan Home library Current library Date acquired Total Checkouts Barcode Date last seen Date checked out Price effective from Source of classification or shelving scheme Shelving location Full call number Koha item type
        Tribhuvan University Central Library Tribhuvan University Central Library 06/20/2010 2 125795 02/01/2021 01/25/2021 06/20/2010        
        Tribhuvan University Central Library Tribhuvan University Central Library 06/20/2010   70578 06/20/2010   06/20/2010        
        Tribhuvan University Central Library Tribhuvan University Central Library 06/23/2011   128746 06/23/2011   06/23/2011 Dewey Decimal Classification New Building 541.35 M896f General Collections
        Tribhuvan University Central Library Tribhuvan University Central Library 04/23/2021   G79362 04/23/2021   04/23/2021 Dewey Decimal Classification New Building 541.35 M896f General Collections